Statistics for Countries Whose Capitals Start With Letter N

Click here to take the quiz!

General Stats

  • This quiz has been taken 90 times
  • The average score is 7 of 10

Answer Stats

CapitalCountry% Correct
NairobiKenya
85%
NiameyNiger
82%
NassauBahamas
76%
NukuʻalofaTonga
75%
New DelhiIndia
72%
NgerulmudPalau
72%
N'DjamenaChad
64%
NouakchottMauritania
63%
NaypiydawMyanmar
58%
NicosiaCyprus
49%

Score Distribution

Percentile by Number Answered

Percent of People with Each Score

Your Score History

You have not taken this quiz